Las polémicas científicas en la formación docente : (Record no. 184827)

MARC details
000 -CABECERA
campo de control de longitud fija 00793nam a2200229 u 4500
005 - FECHA Y HORA DE LA ÚLTIMA TRANSACCIÓN
campo de control 20210223133023.0
008 - ELEMENTOS DE LONGITUD FIJA--INFORMACIÓN GENERAL
campo de control de longitud fija 160831s2013 r 000 0 eng d
020 ## - NÚMERO INTERNACIONAL NORMALIZADO PARA LIBROS
Número Internacional Estándar del Libro 9789508924278
035 ## - NÚMERO DE CONTROL DEL SISTEMA
Número de control de sistema UPN01000212727
049 ## - COLECCIÓN
Colección CG
050 #4 - SIGNATURA TOPOGRÁFICA DE LA BIBLIOTECA DEL CONGRESO
Número de clasificación LB1719 A7
Número de documento/Ítem R4.6
100 1# - ASIENTO PRINCIPAL--NOMBRE PERSONAL
Nombre de persona Rela, Agustín
9 (RLIN) 39685
245 14 - MENCIÓN DE TÍTULO
Título Las polémicas científicas en la formación docente :
Resto del título ocho casos actuales, con propuestas de tratamiento en el aula /
Mención de responsabilidad, etc. Agustín Rela.
260 ## - PUBLICACIÓN, DISTRIBUCIÓN, ETC.
Lugar de publicación, distribución, etc. Buenos Aires :
Nombre del editor, distribuidor, etc. Lugar Editorial,
Fecha de publicación, distribución, etc. 2013.
300 ## - DESCRIPCIÓN FÍSICA
Extensión 133 p. :
Otras características físicas il.
440 #0 - MENCIÓN DE SERIE/ASIENTO SECUNDARIO--TÍTULO
Título En las aulas.
Nombre de parte o sección de la obra Grandes temas
650 #4 - ASIENTO SECUNDARIO DE MATERIA - TERMINO TEMATICO
Término de materia o nombre geográfico como elemento de entrada MAESTROS EN SERVICIO, FORMACION DE -
Subdivisión geográfica ARGENTINA
9 (RLIN) 873
650 #4 - ASIENTO SECUNDARIO DE MATERIA - TERMINO TEMATICO
Término de materia o nombre geográfico como elemento de entrada PRACTICAS DE LA ENSEÑANZA -
Subdivisión geográfica ARGENTINA
9 (RLIN) 14586
700 1# - ASIENTO SECUNDARIO--NOMBRE DE PERSONAL
Nombre de persona Caballero, Claudia,
Término indicativo de función/relación coaut.
905 ## - TIPO DE MATERIAL
Tipo de material Libro
Holdings
Estado de retiro Estado de pérdida Fuente del sistema de clasificación o colocación Estado dañado No para préstamo Código de colección Localización permanente Ubicación/localización actual Ubicación en estantería Total de préstamos Clasificación Código de barras Fecha visto por última vez Número de copia Tipo de ítem Koha
    Library of Congress Classification     Colección General Bib. Gregorio Torres Quintero Bib. Gregorio Torres Quintero Planta baja   LB1719 A7 R4.6 313044 31/12/2020 1 Libro
    Library of Congress Classification     Colección General Bib. Gregorio Torres Quintero Bib. Gregorio Torres Quintero Planta baja 1 LB1719 A7 R4.6 313043 31/12/2020 1 Libro